Farm management pocketbook (Record no. 114621)

MARC details
000 -LEADER
fixed length control field 00784cam a2200241 4500
001 - CONTROL NUMBER
control field L157137
008 - FIXED-LENGTH DATA ELEMENTS--GENERAL INFORMATION
fixed length control field 110907n2011 001 0 eng u
020 ## - INTERNATIONAL STANDARD BOOK NUMBER
International Standard Book Number 9780951458884
035 ## - SYSTEM CONTROL NUMBER
System control number (Sirsi) u157137
050 04 - LIBRARY OF CONGRESS CALL NUMBER
Classification number 631.1 $2 18
100 1# - MAIN ENTRY--PERSONAL NAME
Personal name Nix, John
245 00 - TITLE STATEMENT
Title Farm management pocketbook
250 ## - EDITION STATEMENT
Edition statement 42th ed.
260 ## - PUBLICATION, DISTRIBUTION, ETC.
Place of publication, distribution, etc. Leicestershire
Name of publisher, distributor, etc. The Pocketbook
Date of publication, distribution, etc. 2011
300 ## - PHYSICAL DESCRIPTION
Extent viii, 284p
Dimensions 22cm.
350 ## - PRICE (NR) (BK AM CF MU VM SE) [OBSOLETE]
Price 20
505 2# - FORMATTED CONTENTS NOTE
Formatted contents note General -- Enterprise data -- Government suppory --Labour -- Machinery --- Other fixed costs data -- Taxation -- Farm business management -- Miscellaneous data.
520 ## - SUMMARY, ETC.
Summary, etc. Covers all aspects of farm management. Superceded by 43rd edition
590 ## - LOCAL NOTE (RLIN)
Local note KA
651 #4 - SUBJECT ADDED ENTRY--GEOGRAPHIC NAME
Geographic name ENGLAND AND WALES
690 ## - LOCAL SUBJECT ADDED ENTRY--TOPICAL TERM (OCLC, RLIN)
Topical term or geographic name as entry element Rural
9 (RLIN) 6268
942 ## - ADDED ENTRY ELEMENTS (KOHA)
Suppress in OPAC 0
Source of classification or shelving scheme Dewey Decimal Classification
Holdings
Withdrawn status Lost status Source of classification or shelving scheme Damaged status Not for loan Home library Current library Shelving location Date acquired Total Checkouts Full call number Barcode Date last seen Copy number Price effective from Koha item type
    Dewey Decimal Classification     London London Basement 07/09/2012   BASEMENT 30077462 06/08/2019 1 06/08/2019 Book